| 000 | 02041nam a22004337a 4500 | ||
|---|---|---|---|
| 003 | CHAP | ||
| 005 | 20220329140325.0 | ||
| 008 | 971013s1979 r 00010 d | ||
| 010 | _a50398 | ||
| 011 | _a51370 | ||
| 035 | _a55520 | ||
| 040 | _cCHAP | ||
| 082 |
_a628.1 _bV5 |
||
| 100 | 0 | 0 |
_aVillaseñor Contreras, Jesús. _9119689 |
| 245 | _aProyectos de obras hidráulicas | ||
| 260 |
_aChapingo, Méx. : _bUACH. Departamento de Irrigación, _c(1979) |
||
| 300 |
_a315 p. _b; gráfs. |
||
| 590 |
_aBATCH-UPD _b10 _c20130110 _lUCH01 _h1549 |
||
| 590 |
_aBATCH-UPD _b10 _c20130410 _lUCH01 _h0947 |
||
| 590 |
_aBATCH-UPD _b10 _c20130914 _lUCH01 _h1640 |
||
| 590 |
_aCONVERSION _b10 _c20130109 _lUCH01 _h1327 |
||
| 650 | 1 | 4 |
_aIngeniería hidráulica. _958235 |
| 901 | _aBK | ||
| 942 | _cLIBRO | ||
| 949 |
_a628.1 V5 _bBC _cLIBRO _d33724000024287 _eLIBRO _fc.5 _h47353 _i55520 _mD _si |
||
| 949 |
_a628.1 V5 _bBC _cLIBRO _d33724000024295 _eLIBRO _fc.6 _h47354 _i55520 _si |
||
| 949 |
_a628.1 V5 _bBC _cLIBRO _d33724000024337 _eLIBRO _fc.11 _h47373 _i55520 _si |
||
| 949 |
_a628.1 V5 _bBC _cLIBRO _d33724000024352 _eLIBRO _fc.13 Sus. _h47375 _i55520 _mPerdido y sustituido por. Aparicio Mijares, F. J. Fundamentos de hidrologŁa ....551.49 A6 c.5 Bib. 93483 _si |
||
| 949 |
_a628.1 V5 _bBC _cLIBRO _d33724000709952 _eLIBRO _fc.9 _h47357 _i55520 _mD _si |
||
| 949 |
_a628.1 V5 _bBC _cLIBRO _d33724000936324 _eLIBRO _fc.3 _h47351 _i55520 _mD. _si |
||
| 949 |
_a628.1 V5 _bBC _cLIBRO _d33724000940789 _eLIBRO _fc.7 _h47355 _i55520 _mD _si |
||
| 949 |
_a628.1 V5 _bBC _cLIBRO _d33724002037835 _eLIBRO _fc.12 _h47374 _i55520 _mD _si |
||
| 949 |
_a628.1 V5 _bBC _cLIBRO _d33724002037876 _eLIBRO _fc.8 _h47356 _i55520 _mD _si |
||
| 949 |
_a628.1 V5 _bBC _cLIBRO _d33724002037918 _eLIBRO _fc.4 _h47352 _i55520 _mD _so |
||
| 949 |
_a628.1 V5 _bBC _cLIBRO _d33724002037959 _eLIBRO _fc.2 _h47350 _i55520 _si |
||
| 949 |
_a628.1 V5 _bBC _cLIBRO _d33724002063728 _eLIBRO _fc.14 _h47376 _i55520 _si |
||
| 949 |
_a628.1 V5 _bBC _cMUT _d-122770 _eMUT _fc.10 _h47372 _i55520 _mD _si |
||
| 949 |
_a628.1 V5 _bBC _cUACH _d-122776 _eUACH _fc.15 _h47377 _i55520 _sb |
||
| 999 |
_c50398 _d50398 |
||